| LEADER 00000nam 2200000uu 4500 |
| 001 211652 |
| 003 ULIBM |
| 008 020711s2559 th a 000 0 tha d |
| 020 9786161131128
|
| 041 ^atha^beng
|
| 060 4 WY105 ส691ท 2559
|
| 110 สำนักงานปลัดกระทรวงสาธารณสุข สำนักการพยาบาล
|
| 245 ทิศทางยุทธศาสตร์โลก เพื่อสร้างความเข้มแข็งให้กับการพยาบาลและการผดุงครรภ์ ค.ศ.2016-2020 (พ.ศ.2559-2563) ขององค์การอนามัยโลก/^bสำนักการพยาบาล สำนักงานปลัดกระทรวงสาธารณสุข
|
| 260 นนทบุรี :^bสำนักการพยาบาล สำนักงานปลัดกระทรวงสาธารณสุข,^c2559
|
| 300 111 หน้า :^bภาพประกอบ ;^c25 ซม.
|
| 650 4 การพยาบาล^xการบริหาร
|
| 650 4 ^aองค์การอนามัยโลก^xการวางแผน
|
| 650 4 ^aบุคลากรสาธารณสุข
|
| 700 0 ^aนรินทร์ ทิมา,^eผู้แปล
|
| 999 ^aใช้งานได้ทุกระบบ
|